Song Titles Containing Chemical Elements or Celestial Bodies - Statistics

General Stats
  • This quiz has been taken 35 times
  • The average score is 6 of 15
Answer Stats
Hint Artist (Year) Song Title % Correct
planet (2) Frankie Avalon (1959) Shocking Blue (1968) Bananarama (1986) Venus
86%
sun The Beatles (1969) Here Comes the Sun
68%
element (79) Shirley Bassey (1964) Goldfinger
61%
moon Creedence Clearwater Revival (1969) Bad Moon Rising
57%
element (26) Black Sabbath (1970) Iron Man
54%
moon Andy Williams (1961) Moon River
50%
planet (4) David Bowie (1971) Life on Mars?
43%
sun Elton John (1974) Don't Let the Sun Go Down on Me
39%
moon Tony Bennett (1958) Frank Sinatra (1964) Diana Krall (2002) Fly Me to the Moon
39%
element (79) Neil Young (1972) Heart of Gold
39%
element (8) Sweet (1978) Love Is Like Oxygen
29%
planet (5) Train (2001) Drops of Jupiter
21%
planet (3) The Penguins (1954) Earth Angel
18%
fictional planet The B-52s (1979) Planet Claire
14%
elements (47,79) Linda Ronstadt (1973) Silver Threads and Golden Needles
14%
No matching quizzes found
Score Distribution
Percent of People with Each Score
Percentile by Number Answered
Your Score History
You have not taken this quiz